[Event "Nimzo 2"]
[Site "SchemingMind.com"]
[Date "2008.03.02"]
[Round "-"]
[White "gannet"]
[Black "mmccaffe"]
[Result "1-0"]
[WhiteCountry "GBR"]
[BlackCountry "USA"]
[WhiteElo "2028"]
[WhiteRD "95"]
[BlackElo "1661"]
[BlackRD "51"]
[GameID "144181"]

1. d4 Nf6 2. c4 e6 3. Nc3 Bb4 4. e3 c5 5. Bd3 Bxc3+ 6. bxc3 O-O 7. Nf3 Nc6 8. O-O d6 9. e4 b6 10. Bg5 Ba6
11. e5 h6 12. exf6 hxg5 13. fxg7 Kxg7 14. d5 Na5 15. Qe2 e5 16. Nd2 Qf6 17. Ne4 Qh6 18. Ng3 Rh8 19. Nf5+
1-0

[Event "Nimzo 2"]
[Site "SchemingMind.com"]
[Date "2008.03.02"]
[Round "-"]
[White "mmccaffe"]
[Black "gannet"]
[Result "0-1"]
[WhiteCountry "USA"]
[BlackCountry "GBR"]
[WhiteElo "1634"]
[WhiteRD "50"]
[BlackElo "1955"]
[BlackRD "90"]
[GameID "144182"]

1. d4 Nf6 2. c4 e6 3. Nc3 Bb4 4. e3 Ne4 5. Qc2 Nxc3 6. bxc3 Ba5 7. Bd3 d6 8. Bd2 c5 9. Ne2 Nc6 10. O-O e5
11. f3 Bc7 12. Bf5 Qf6 13. Bxc8 Rxc8 14. f4 exd4 15. cxd4 O-O 16. d5 Nb4 17. Bxb4 cxb4 18. Rab1 a5 19. a3 Bb6 20. Rf3 Bc5
21. Rh3 g6 22. axb4 axb4 23. Kh1 Ra8 24. e4 Ra1 25. Rb3 Rfa8 26. Qb2 Qxb2 27. Rxb2 R8a2 28. Rxa1 Rxa1+
0-1

[Event "Nimzo 2"]
[Site "SchemingMind.com"]
[Date "2008.03.11"]
[Round "-"]
[White "marandreo"]
[Black "gannet"]
[Result "1-0"]
[WhiteCountry "ITA"]
[BlackCountry "GBR"]
[WhiteElo "2011"]
[WhiteRD "273"]
[BlackElo "2011"]
[BlackRD "116"]
[GameID "145559"]

1. d4 Nf6 2. c4 e6 3. Nc3 Bb4 4. Qc2 d5 5. cxd5 exd5 6. Bg5 Be6 7. e3 O-O 8. Bd3 g6 9. Qb3 c5 10. dxc5 Nc6
11. O-O-O d4 12. Bc4 Bxc5 13. Bxe6 fxe6 14. Qxe6+ Kg7 15. Nd5 Be7 16. Nxe7 Nxe7 17. Kb1 Nf5 18. Nf3 Rc8 19. Nxd4
1-0

[Event "Nimzo 2"]
[Site "SchemingMind.com"]
[Date "2008.03.11"]
[Round "-"]
[White "marandreo"]
[Black "mmccaffe"]
[Result "1-0"]
[WhiteCountry "ITA"]
[BlackCountry "USA"]
[WhiteElo "2256"]
[WhiteRD "137"]
[BlackElo "1661"]
[BlackRD "51"]
[GameID "145560"]

1. d4 Nf6 2. c4 e6 3. Nc3 Bb4 4. e3 c5 5. Bd3 Bxc3+ 6. bxc3 O-O 7. Ba3 b6 8. Nf3 d6 9. O-O Nc6 10. Qc2 Ba6
11. d5 Na5 12. dxe6 fxe6 13. Ng5 h6 14. Nxe6
1-0

[Event "Nimzo 2"]
[Site "SchemingMind.com"]
[Date "2008.03.10"]
[Round "-"]
[White "gannet"]
[Black "marandreo"]
[Result "0-1"]
[WhiteCountry "GBR"]
[BlackCountry "ITA"]
[WhiteElo "2086"]
[WhiteRD "97"]
[BlackElo "2219"]
[BlackRD "148"]
[GameID "145561"]

1. d4 Nf6 2. c4 e6 3. Nc3 Bb4 4. e3 b6 5. Qc2 Bb7 6. Nf3 d5 7. Bd3 O-O 8. O-O Re8 9. cxd5 exd5 10. Ne5 g6
11. f4 c6 12. f5 g5 13. Qf2 Bd6 14. e4 Rxe5 15. dxe5 Bc5 16. Qxc5 bxc5 17. exf6 Qxf6 18. Bc2 Nd7 19. Rf3 h6 20. Rg3 Re8
21. h4 Qe5 22. Ne2 Ba6 23. Bd3 Bxd3 24. Rxd3 Nf6 25. hxg5 Ng4 26. Ng3 dxe4 27. Rc3 Qd4+ 28. Kh1 Qd1+
0-1

[Event "Nimzo 2"]
[Site "SchemingMind.com"]
[Date "2008.03.11"]
[Round "-"]
[White "mmccaffe"]
[Black "marandreo"]
[Result "0-1"]
[WhiteCountry "USA"]
[BlackCountry "ITA"]
[WhiteElo "1634"]
[WhiteRD "50"]
[BlackElo "2259"]
[BlackRD "139"]
[GameID "145562"]

1. d4 Nf6 2. c4 e6 3. Nc3 Bb4 4. e3 b6 5. a3 Bxc3+ 6. bxc3 O-O 7. Bd3 Bb7 8. Nf3 d6 9. O-O Nbd7 10. Qc2 Bxf3
11. gxf3 c5 12. f4 Rc8 13. Bb2 cxd4 14. cxd4 b5 15. c5 dxc5 16. d5 c4 17. Be4 c3 18. Bc1 Nxe4 19. Qxe4 Nf6 20. Qe5 Qxd5
21. Qg5 Rfd8 22. h4 h6 23. Qg2 a5
0-1

[Event "Nimzo 2"]
[Site "SchemingMind.com"]
[Date "2008.03.22"]
[Round "-"]
[White "Negrito19"]
[Black "gannet"]
[Result "0-1"]
[WhiteCountry "ARG"]
[BlackCountry "GBR"]
[WhiteElo "1627"]
[WhiteRD "67"]
[BlackElo "2028"]
[BlackRD "95"]
[GameID "147282"]

1. d4 Nf6 2. c4 e6 3. Nc3 Bb4 4. Bd2 c5 5. a3 cxd4 6. axb4 dxc3 7. Bxc3 O-O 8. Nf3 d5 9. cxd5 Nxd5 10. e4 Nxc3
11. Qxd8 Rxd8 12. bxc3 Nc6 13. Bb5 Bd7 14. O-O Ne5 15. Nxe5 Bxb5 16. Rfc1 f6 17. Nf3 Be2 18. Nd4 Bc4 19. Ra5 e5 20. Nf5 Kf7
21. Ne3 b6 22. Ra4 Bb5 23. Ra3 Bc6 24. f3 Rd3 25. Nc4 Ke6 26. Nb2= Rd2 27. Nd1 Rad8 28. Ne3 R8d7 29. c4 g6 30. b5 Ba8
31. c5 bxc5 32. Rxc5 Rb2 33. Ra6+ Ke7 34. Nd5+ Bxd5 35. exd5 Rd2 36. Re6+ Kf7 37. Rcc6 R7xd5 38. Rxf6+ Kg7 39. b6 axb6 40. Rxb6 Ra5
41. h4 Ra1+ 42. Kh2 Raa2 43. Rfe6 Rxg2+ 44. Kh3 Rh2+ 45. Kg3 Rag2#
0-1

[Event "Nimzo 2"]
[Site "SchemingMind.com"]
[Date "2008.03.23"]
[Round "-"]
[White "Negrito19"]
[Black "mmccaffe"]
[Result "1-0"]
[WhiteCountry "ARG"]
[BlackCountry "USA"]
[WhiteElo "1619"]
[WhiteRD "69"]
[BlackElo "1634"]
[BlackRD "50"]
[GameID "147283"]

1. d4 Nf6 2. c4 e6 3. Nc3 Bb4 4. Bd2 O-O 5. a3 Be7 6. Nf3 d5 7. e3 b6 8. g3 Bb7 9. cxd5 exd5 10. Qc2 Nbd7
11. Bd3 c5 12. Ne5 Bd6 13. f4 Ne8 14. Bxh7+ Kh8 15. Qf5 Bxe5 16. fxe5 g6 17. Qh3 Kg7 18. e4
1-0

[Event "Nimzo 2"]
[Site "SchemingMind.com"]
[Date "2008.03.22"]
[Round "-"]
[White "Negrito19"]
[Black "marandreo"]
[Result "0-1"]
[WhiteCountry "ARG"]
[BlackCountry "ITA"]
[WhiteElo "1647"]
[WhiteRD "64"]
[BlackElo "2219"]
[BlackRD "148"]
[GameID "147284"]

1. d4 Nf6 2. c4 e6 3. Nc3 Bb4 4. Bd2 O-O 5. a3 Bxc3 6. Bxc3 d5 7. e3 Nc6 8. Nf3 b6 9. Qc2 Ba6 10. cxd5 Bxf1
11. dxc6 Bxg2 12. Rg1 Bxf3 13. Bb4 Re8 14. Rg3 Qd5 15. h4 a5 16. Bd2 Ne4 17. Rg1 Rad8 18. b4 e5 19. Kf1 Qb5+ 20. Ke1 Qe2#
0-1

[Event "Nimzo 2"]
[Site "SchemingMind.com"]
[Date "2008.03.25"]
[Round "-"]
[White "gannet"]
[Black "Negrito19"]
[Result "1-0"]
[WhiteCountry "GBR"]
[BlackCountry "ARG"]
[WhiteElo "2028"]
[WhiteRD "95"]
[BlackElo "1627"]
[BlackRD "67"]
[GameID "147286"]

1. d4 Nf6 2. c4 e6 3. Nc3 Bb4 4. Bg5 h6 5. Bh4 g5 6. Bg3 d5 7. e3 c6 8. Bd3 dxc4 9. Bxc4 b5 10. Bd3 Nd5
11. Ne2 Qa5 12. O-O Nd7 13. Ne4 f5 14. Nd6+ Bxd6 15. Bxd6 Qa6 16. a4 Qb6 17. axb5 cxb5 18. Bc5 Nxc5 19. dxc5 Qxc5 20. Nd4 a6
21. Qh5+ Ke7 22. Qg6 Bd7 23. Rfc1 Qb6 24. Rc6 Rag8 25. Qxg8 Rxg8 26. Rxb6 Nxb6 27. Rxa6 Rb8 28. Nxb5 Nd5 29. Ra7 Nb4 30. Bc4 Nc6
31. Ra6 Kf6 32. b3 Ne5 33. Ra5 Rc8 34. Na3 Nxc4 35. Nxc4 Rb8 36. Nd2 Rb6 37. Kf1 Bb5+ 38. Ke1 Bd3 39. Ra1 Bc2 40. Rc1 Be4
41. Nxe4+ fxe4 42. Rb1 Ke5= 43. Kd2 Rd6+ 44. Ke2 Kf5 45. b4 h5 46. b5 Rb6 47. f3 exf3+ 48. gxf3 e5= 49. Rb4 Kf6 50. Kd3 Ke6
51. Ke4 Rd6 52. b6 Rd8 53. b7 Rb8 54. Rb6+ Kd7 55. Kxe5 Kc7 56. Rb3 Rxb7 57. Rxb7+ Kxb7 58. Kf5 g4 59. fxg4 hxg4 60. Kxg4 Kc7
61. Kf5 Kd6 62. e4 Ke7 63. e5 Kf7 64. h4 Kg7 65. e6 Kf8 66. Kf6 Ke8 67. e7
1-0

[Event "Nimzo 2"]
[Site "SchemingMind.com"]
[Date "2008.03.25"]
[Round "-"]
[White "mmccaffe"]
[Black "Negrito19"]
[Result "0-1"]
[WhiteCountry "USA"]
[BlackCountry "ARG"]
[WhiteElo "1614"]
[WhiteRD "52"]
[BlackElo "1663"]
[BlackRD "69"]
[GameID "147287"]

1. d4 Nf6 2. c4 e6 3. Nc3 Bb4 4. e3 d5 5. Bd3 c5 6. dxc5 Bxc5 7. Qe2 a6 8. Nf3 Bd7 9. a3 a5 10. O-O Qc7
11. Bd2 Bd6 12. cxd5 exd5 13. Rac1 Nc6 14. Nb5 Qb8 15. Nxd6+ Qxd6 16. Bb5 O-O 17. b4 Rfe8 18. Bxc6 bxc6 19. Nd4 a4 20. Rc2 Re4
21. Rfc1 Ng4 22. g3 Rae8 23. Nxc6 Nxh2 24. b5 Bg4 25. Qd3 Qh6
0-1

[Event "Nimzo 2"]
[Site "SchemingMind.com"]
[Date "2008.03.25"]
[Round "-"]
[White "marandreo"]
[Black "Negrito19"]
[Result "1-0"]
[WhiteCountry "ITA"]
[BlackCountry "ARG"]
[WhiteElo "2219"]
[WhiteRD "148"]
[BlackElo "1647"]
[BlackRD "64"]
[GameID "147288"]

1. d4 Nf6 2. c4 e6 3. Nc3 Bb4 4. a3 Bxc3+ 5. bxc3 d5 6. e3 b6 7. Bd3 Ba6 8. cxd5 Nxd5 9. Bxa6 Nxa6 10. Qa4+ Qd7
11. Qxa6 O-O 12. Ne2 Rfc8 13. e4 Nf6 14. f3 c5 15. O-O cxd4 16. cxd4 Rc2 17. Bg5 Ne8 18. Rac1 Nc7 19. Qb7 Rxc1 20. Rxc1 Rc8
21. Bf4 h6 22. Rxc7 Rxc7 23. Qxc7 Qa4 24. Qc1 g5 25. Qc8+ Kh7 26. Be5 Qd1+ 27. Kf2 Kg6 28. g4 h5 29. Qg8+ Kh6 30. Qg7#
1-0

[Event "Nimzo 2"]
[Site "SchemingMind.com"]
[Date "2008.03.25"]
[Round "-"]
[White "Manuel Angel"]
[Black "Negrito19"]
[Result "1-0"]
[WhiteCountry "ESP"]
[BlackCountry "ARG"]
[WhiteElo "1967"]
[WhiteRD "73"]
[BlackElo "1627"]
[BlackRD "67"]
[GameID "147303"]

1. d4 Nf6 2. c4 e6 3. Nc3 Bb4 4. Qc2 c6 5. a3 Ba5 6. Nf3 d5 7. e3 Na6 8. Bd2 dxc4 9. Bxc4 b5 10. Bd3 Bxc3
11. Bxc3 Bd7 12. O-O Qb6 13. Rac1 Nd5 14. Bd2 c5 15. dxc5 Qc6 16. Nd4 Qb7 17. c6 Qc7 18. cxd7+ Kf8 19. Qc6 Qxc6 20. Nxc6 Ndc7
21. Ba5 Ne8 22. Nb8 Nxb8 23. Bb4+ Kg8 24. dxe8=Q#
1-0

[Event "Nimzo 2"]
[Site "SchemingMind.com"]
[Date "2008.03.23"]
[Round "-"]
[White "Manuel Angel"]
[Black "gannet"]
[Result "1-0"]
[WhiteCountry "ESP"]
[BlackCountry "GBR"]
[WhiteElo "1967"]
[WhiteRD "73"]
[BlackElo "2028"]
[BlackRD "95"]
[GameID "147304"]

1. d4 Nf6 2. c4 e6 3. Nc3 Bb4 4. Qc2 d5 5. a3 Bxc3+ 6. Qxc3 dxc4 7. Qxc4 b6 8. Bf4 Ba6 9. Qxc7 O-O 10. Qxd8 Rxd8
11. Nf3 Nc6 12. e3 Bxf1 13. Rxf1 Na5 14. b4 Nc4 15. Bg5 Rd5 16. Bxf6 gxf6 17. Ke2 a5 18. Rfc1 b5 19. Nd2 Nxd2 20. Kxd2 e5
21. Rc5 Rxc5 22. bxc5 Kf8 23. Rb1 Rb8 24. d5 Ke7 25. g4 b4 26. axb4 axb4 27. Kd3
1-0

[Event "Nimzo 2"]
[Site "SchemingMind.com"]
[Date "2008.03.23"]
[Round "-"]
[White "Manuel Angel"]
[Black "mmccaffe"]
[Result "1-0"]
[WhiteCountry "ESP"]
[BlackCountry "USA"]
[WhiteElo "1926"]
[WhiteRD "77"]
[BlackElo "1614"]
[BlackRD "52"]
[GameID "147305"]

1. d4 Nf6 2. c4 e6 3. Nc3 Bb4 4. Qc2 O-O 5. a3 Be7 6. Nf3 d5 7. e3 b6 8. cxd5 exd5 9. Be2 Bb7 10. O-O Nbd7
11. b3 c5 12. Bb2 Rc8 13. Qf5 Ne4 14. Nxd5 Nd6 15. Nxe7+ Qxe7 16. Qf4 cxd4 17. Nxd4 Nf6 18. Rac1 Nde4 19. Nf5 Qd7 20. Rcd1
1-0

[Event "Nimzo 2"]
[Site "SchemingMind.com"]
[Date "2008.03.23"]
[Round "-"]
[White "Manuel Angel"]
[Black "marandreo"]
[Result "1/2-1/2"]
[WhiteCountry "ESP"]
[BlackCountry "ITA"]
[WhiteElo "1947"]
[WhiteRD "75"]
[BlackElo "2167"]
[BlackRD "118"]
[GameID "147306"]

1. d4 Nf6 2. c4 e6 3. Nc3 Bb4 4. Qc2 Nc6 5. a3 Nxd4 6. Qd3 Bxc3+ 7. Qxc3 e5 8. Nf3 Ne4 9. Qd3 Nc5 10. Qc3 Nxf3+
11. gxf3 d6 12. f4 f6 13. Bg2 c6 14. Be3 Ne6 15. fxe5 dxe5 16. Rd1 Qe7 17. O-O O-O 18. Rfe1 a5 19. c5 Nc7 20. Qb3+ Qf7
21. Qxf7+ Kxf7 22. f4 exf4 23. Bxf4 Ne6 24. Bd6 Re8 25. h4 Nf8 26. Rd4 Bf5 27. Kf2 Ne6 28. Rc4 h5 29. Bf3 Rh8 30. Kg3 g5
31. hxg5 fxg5 32. Be5 h4+ 33. Kh2 Rh7 34. Rf1 Kg8 35. Rg1 Rf8 36. Ra4 Ra8 37. Bf6 Kf7 38. Bxg5 Bc2 39. Rc4 Bb3 40. Rcg4 Nxc5
41. Rc1 Ne6 42. Bxh4 Rg8 43. Rf1 Rxg4 44. Bxg4+ Ke8 45. Kg3 Rg7 46. Bf6 Rg6 47. Bc3 b6 48. Rf6 Rxf6=
1/2-1/2

[Event "Nimzo 2"]
[Site "SchemingMind.com"]
[Date "2008.03.23"]
[Round "-"]
[White "Negrito19"]
[Black "Manuel Angel"]
[Result "0-1"]
[WhiteCountry "ARG"]
[BlackCountry "ESP"]
[WhiteElo "1627"]
[WhiteRD "67"]
[BlackElo "1967"]
[BlackRD "73"]
[GameID "147308"]

1. d4 Nf6 2. c4 e6 3. Nc3 Bb4 4. Bd2 O-O 5. a3 Be7 6. e4 d5 7. cxd5 exd5 8. exd5 Nxd5 9. Qf3 Nf6 10. Nge2 Nc6
11. h3 Be6 12. Qg3 Re8 13. Be3 Bb3 14. Nb5 a6 15. Nxc7 Ne4 16. Qg4 Qxc7 17. Qxe4 Bb4+ 18. axb4 Rxe4 19. Rc1 Rae8 20. Ng3 Rxe3+
21. fxe3 Qxg3+ 22. Ke2 Qxe3#
0-1

[Event "Nimzo 2"]
[Site "SchemingMind.com"]
[Date "2008.03.23"]
[Round "-"]
[White "gannet"]
[Black "Manuel Angel"]
[Result "0-1"]
[WhiteCountry "GBR"]
[BlackCountry "ESP"]
[WhiteElo "1955"]
[WhiteRD "90"]
[BlackElo "1951"]
[BlackRD "74"]
[GameID "147309"]

1. d4 Nf6 2. c4 e6 3. Nc3 Bb4 4. Qc2 d5 5. cxd5 exd5 6. Nf3 O-O 7. Bg5 h6 8. Bh4 c6 9. e3 Be6 10. Bd3 Nbd7
11. O-O Bd6 12. a3 Bg4 13. Nd2 Re8 14. f3 Be6 15. e4 dxe4 16. fxe4 Bxh2+ 17. Kh1 g5 18. Bxg5 hxg5 19. Kxh2 Ng4+ 20. Kg1 Ne3
21. Qc1 Nxf1 22. Nxf1 Nb6 23. Qe3 f5 24. Qf2 f4 25. Rd1 Qf6 26. e5 Qh6 27. Ne4 Kg7 28. g3 Rh8 29. Nh2 Nd5 30. Bc4 Ne3
0-1

[Event "Nimzo 2"]
[Site "SchemingMind.com"]
[Date "2008.03.23"]
[Round "-"]
[White "mmccaffe"]
[Black "Manuel Angel"]
[Result "0-1"]
[WhiteCountry "USA"]
[BlackCountry "ESP"]
[WhiteElo "1634"]
[WhiteRD "50"]
[BlackElo "1951"]
[BlackRD "74"]
[GameID "147310"]

1. d4 Nf6 2. c4 e6 3. Nc3 Bb4 4. a3 Bxc3+ 5. bxc3 c5 6. Bg5 Qa5 7. Qb3 cxd4 8. Bxf6 gxf6 9. Rc1 Nc6 10. Nf3 b6
11. e3 dxe3 12. fxe3 Bb7 13. Bd3 Rg8 14. g3 Ne5 15. O-O Nxf3+ 16. Rxf3 Bxf3
0-1

[Event "Nimzo 2"]
[Site "SchemingMind.com"]
[Date "2008.03.23"]
[Round "-"]
[White "marandreo"]
[Black "Manuel Angel"]
[Result "1/2-1/2"]
[WhiteCountry "ITA"]
[BlackCountry "ESP"]
[WhiteElo "2167"]
[WhiteRD "118"]
[BlackElo "1947"]
[BlackRD "75"]
[GameID "147311"]

1. d4 Nf6 2. c4 e6 3. Nc3 Bb4 4. e3 c5 5. Nf3 Bxc3+ 6. bxc3 O-O 7. Bd3 d6 8. O-O Nc6 9. Ba3 b6 10. Qc2 h6
11. Rfd1 Qc7 12. Nd2 Na5 13. Nb3 Nc6 14. Rab1 Ba6 15. f3 Rfd8 16. Bf1 Rab8 17. Qf2 Ne7 18. Nd2 Nc6 19. Bd3 Na5 20. Qe2 Qc6
21. Nb3 Qa4 22. Nxa5 bxa5 23. Rxb8 Rxb8 24. Bc1 cxd4 25. cxd4 Rc8 26. c5 Bxd3 27. Rxd3 dxc5 28. Rc3 c4 29. e4 Qb4 30. Qc2 Nd7
31. Ba3 Qb5 32. Bd6 e5 33. dxe5 Nxe5 34. Bxe5 Qxe5 35. Rxc4 Qa1+ 36. Kf2 Qd4+ 37. Rxd4 Rxc2+ 38. Kg3 Rxa2 39. Rd8+ Kh7 40. Rd7 Kg6
41. Rxa7 a4 42. f4 a3 43. Ra6+ f6 44. e5 h5 45. h3 h4+ 46. Kxh4 Rxg2 47. exf6 gxf6=
1/2-1/2

[Event "Nimzo 2"]
[Site "SchemingMind.com"]
[Date "2008.03.25"]
[Round "-"]
[White "echecs"]
[Black "Negrito19"]
[Result "0-1"]
[WhiteCountry "ENG"]
[BlackCountry "ARG"]
[WhiteElo "1687"]
[WhiteRD "60"]
[BlackElo "1647"]
[BlackRD "64"]
[GameID "147465"]

1. d4 Nf6 2. c4 e6 3. Nc3 Bb4 4. e3 c6 5. Bd3 Qa5 6. Ne2 d5 7. O-O dxc4 8. Bxc4 b5 9. Bd3 Bd6 10. Bd2 b4
11. Ne4 Nxe4 12. Bxe4 f5 13. Bf3 Ba6 14. Re1 Qc7 15. Qb3 Bxh2+ 16. Kh1 Bd6 17. Qxe6+ Qe7 18. Qxf5 Qh4+ 19. Kg1 Qh2+ 20. Kf1 Qh1#
0-1

[Event "Nimzo 2"]
[Site "SchemingMind.com"]
[Date "2008.03.24"]
[Round "-"]
[White "echecs"]
[Black "gannet"]
[Result "0-1"]
[WhiteCountry "ENG"]
[BlackCountry "GBR"]
[WhiteElo "1687"]
[WhiteRD "60"]
[BlackElo "2086"]
[BlackRD "97"]
[GameID "147466"]

1. d4 Nf6 2. c4 e6 3. Nc3 Bb4 4. e3 O-O 5. Bd3 c5 6. Nf3 Nc6 7. O-O Bxc3 8. bxc3 d6 9. Qc2 e5 10. Ba3 b6
11. Rfd1 Re8 12. e4 Bg4 13. Be2 exd4 14. cxd4 Bxf3 15. Bxf3 Nxd4 16. Qd3 Nd7 17. Bb2 Ne5 18. Qf1 Ndxf3+ 19. gxf3 Nxf3+ 20. Kh1 Re6
21. Qg2 Ne5 22. f4 Rg6 23. Qe2 Ng4 24. Rd2 Qh4 25. Rg1 Nxh2 26. Qxh2 Rxg1+ 27. Kxg1 Qe1+ 28. Kg2 Qxd2+ 29. Kh3 Qxh2+
0-1

[Event "Nimzo 2"]
[Site "SchemingMind.com"]
[Date "2008.03.26"]
[Round "-"]
[White "echecs"]
[Black "Manuel Angel"]
[Result "0-1"]
[WhiteCountry "ENG"]
[BlackCountry "ESP"]
[WhiteElo "1771"]
[WhiteRD "57"]
[BlackElo "1926"]
[BlackRD "77"]
[GameID "147467"]

1. d4 Nf6 2. c4 e6 3. Nc3 Bb4 4. e3 c5 5. Bd3 Bxc3+ 6. bxc3 d6 7. Nf3 Nc6 8. O-O O-O 9. Ba3 b6 10. Qc2 Qc7
11. Ng5 h6 12. Nh7 Nxh7 13. Bxh7+ Kh8 14. Be4 f5 15. Bf3 Bb7 16. d5 Ne5 17. Be2 exd5 18. cxd5 Bxd5 19. f3 Qe7 20. Rad1 Nc4
21. Bc1 Nxe3 22. Bxe3 Qxe3+ 23. Kh1 Qe6 24. c4 Bc6 25. Rfe1 Rfe8 26. h3 Rad8 27. Bd3 Qxe1+ 28. Rxe1 Rxe1+ 29. Kh2 Rde8 30. a3 f4
31. Qd2 R1e3 32. h4 d5 33. cxd5 Bxd5 34. Bb5 R8e5 35. a4 a5 36. Kh3 Be6+ 37. Kh2 Rd5 38. Qb2 Re1 39. g4 Red1 40. Kh3 R5d2
0-1

[Event "Nimzo 2"]
[Site "SchemingMind.com"]
[Date "2008.03.25"]
[Round "-"]
[White "echecs"]
[Black "mmccaffe"]
[Result "1-0"]
[WhiteCountry "ENG"]
[BlackCountry "USA"]
[WhiteElo "1766"]
[WhiteRD "57"]
[BlackElo "1634"]
[BlackRD "50"]
[GameID "147468"]

1. d4 Nf6 2. c4 e6 3. Nc3 Bb4 4. e3 O-O 5. Bd3 Bxc3+ 6. bxc3 d5 7. cxd5 exd5 8. Qc2 c6 9. Nf3 Nbd7 10. O-O Qe7
11. a4 Ne4 12. Nd2 Ndf6 13. Ba3 Nd6 14. Nf3 Qd8 15. c4 Re8 16. cxd5 cxd5 17. Ne5 Bd7 18. Bxd6
1-0

[Event "Nimzo 2"]
[Site "SchemingMind.com"]
[Date "2008.03.24"]
[Round "-"]
[White "echecs"]
[Black "marandreo"]
[Result "0-1"]
[WhiteCountry "ENG"]
[BlackCountry "ITA"]
[WhiteElo "1687"]
[WhiteRD "60"]
[BlackElo "2219"]
[BlackRD "148"]
[GameID "147469"]

1. d4 Nf6 2. c4 e6 3. Nc3 Bb4 4. e3 c5 5. Ne2 b6 6. a3 Ba5 7. Bd2 O-O 8. Nb5 Nc6 9. dxc5 bxc5 10. g3 Rb8
11. Qc2 Ne5 12. Bg2 Bxd2+ 13. Kxd2 d5 14. Nxa7 Rxb2
0-1

[Event "Nimzo 2"]
[Site "SchemingMind.com"]
[Date "2008.03.27"]
[Round "-"]
[White "Negrito19"]
[Black "echecs"]
[Result "0-1"]
[WhiteCountry "ARG"]
[BlackCountry "ENG"]
[WhiteElo "1627"]
[WhiteRD "67"]
[BlackElo "1682"]
[BlackRD "59"]
[GameID "147471"]

1. d4 Nf6 2. c4 e6 3. Nc3 Bb4 4. Bd2 c5 5. dxc5 Bxc5 6. Bg5 Bxf2+ 7. Kxf2 Ng4+ 8. Kg3 Qxg5 9. h4 Qf5 10. Nf3 Ne3
11. Qd3 Nxf1+ 12. Rhxf1 Qxd3 13. exd3 a6 14. Ne5 f6 15. Ng4 Nc6 16. Na4 b5 17. cxb5 axb5 18. Nc5 O-O 19. Ne3 d5 20. a3 d4
21. Nc2 Rb8 22. b4 e5 23. Rac1 Re8 24. Ne4 Ne7 25. Nd6 Rd8 26. Ne4 Nd5 27. h5 Bf5 28. Rxf5 h6 29. Kh2 Rbc8 30. Nc5 Ra8
31. Ra1 Rdc8 32. Rc1 Kh7 33. Rf3 Nf4 34. Re1 Nxh5 35. g3 Rc6 36. Rf5 g5 37. Ref1 Kg6 38. R1f2 Ra7 39. Kh3 Rf7 40. Ne1 Ng7
41. R5f3 h5 42. g4 hxg4+ 43. Kxg4 f5+ 44. Kg3 g4 45. Rxf5 Rxf5 46. Rh2 Nh5+ 47. Kxg4 Rf4+ 48. Kh3 Rf1 49. Rg2+ Kh6 50. Re2 Nf4+
51. Kh2 Nxe2 52. Ng2 Kg7 53. Kh3 Rg6 54. Ne4 Rh1#
0-1

[Event "Nimzo 2"]
[Site "SchemingMind.com"]
[Date "2008.03.27"]
[Round "-"]
[White "gannet"]
[Black "echecs"]
[Result "1-0"]
[WhiteCountry "GBR"]
[BlackCountry "ENG"]
[WhiteElo "2086"]
[WhiteRD "97"]
[BlackElo "1687"]
[BlackRD "60"]
[GameID "147472"]

1. d4 Nf6 2. c4 e6 3. Nc3 Bb4 4. e3 O-O 5. Bd3 b6 6. Ne2 Bb7 7. f3 Nh5 8. O-O c6 9. e4 g6 10. Bh6 Re8
11. Qd2 Be7 12. f4 Bf8 13. f5 exf5 14. exf5 Qe7 15. Bg5 Qd6 16. Ne4 Qc7 17. fxg6 hxg6 18. Nf4 Nxf4 19. Bxf4 Qd8 20. Bg5 Be7
21. Nf6+ Kh8 22. Qf4
1-0

[Event "Nimzo 2"]
[Site "SchemingMind.com"]
[Date "2008.03.27"]
[Round "-"]
[White "Manuel Angel"]
[Black "echecs"]
[Result "1-0"]
[WhiteCountry "ESP"]
[BlackCountry "ENG"]
[WhiteElo "1967"]
[WhiteRD "73"]
[BlackElo "1682"]
[BlackRD "59"]
[GameID "147473"]

1. d4 Nf6 2. c4 e6 3. Nc3 Bb4 4. Qc2 O-O 5. Nf3 c5 6. a3 Qa5 7. Bd2 Nc6 8. O-O-O Bxc3 9. Bxc3 Qc7 10. d5 exd5
11. cxd5 Nd8 12. d6 Qb6 13. Ng5 h6 14. h4 g6 15. Bxf6 Ne6 16. h5 Nd4 17. hxg6 Nxc2 18. Rxh6
1-0

[Event "Nimzo 2"]
[Site "SchemingMind.com"]
[Date "2008.03.27"]
[Round "-"]
[White "mmccaffe"]
[Black "echecs"]
[Result "0-1"]
[WhiteCountry "USA"]
[BlackCountry "ENG"]
[WhiteElo "1614"]
[WhiteRD "52"]
[BlackElo "1771"]
[BlackRD "57"]
[GameID "147474"]

1. d4 Nf6 2. c4 e6 3. Nc3 Bb4 4. a3 Bxc3+ 5. bxc3 Ne4 6. Qc2 d5 7. e3 O-O 8. Bd3 Nf6 9. f4 h6 10. a4 a5
11. Ba3 Re8 12. Nf3 Bd7 13. h3 Nc6 14. g4 dxc4 15. Bxc4 Nd5 16. Kd2 Nb6 17. Bd3 Ne7 18. h4 Bc6 19. Rh3 Ng6 20. f5 exf5
21. Bxf5 Bxf3 22. Bxg6 Nc4+ 23. Kc1 Rxe3 24. Qb3 Bd5
0-1

[Event "Nimzo 2"]
[Site "SchemingMind.com"]
[Date "2008.03.27"]
[Round "-"]
[White "marandreo"]
[Black "echecs"]
[Result "1-0"]
[WhiteCountry "ITA"]
[BlackCountry "ENG"]
[WhiteElo "2256"]
[WhiteRD "137"]
[BlackElo "1682"]
[BlackRD "59"]
[GameID "147475"]

1. d4 Nf6 2. c4 e6 3. Nc3 Bb4 4. Qc2 O-O 5. Bg5 c5 6. e3 cxd4 7. exd4 d5 8. Nf3 h6 9. Bh4 Nc6 10. cxd5 exd5
11. O-O-O Qd6 12. Bxf6 Bxc3 13. Bxg7 Bxb2+ 14. Kxb2 Qb4+ 15. Ka1 Kxg7 16. Rb1 Qe7 17. Qc3 Bf5 18. Bd3 Be6 19. Qd2 a6 20. Rhe1 Qf6
21. Qc3 Rfc8 22. Rxb7 a5 23. Bb1 Nb4 24. Qd2 Bf5 25. Ree7 Be6 26. Ne5 Rf8 27. a3 Rae8 28. Rxe8 Rxe8 29. axb4 axb4 30. Qc2 b3
31. Qh7+ Kf8 32. Rxf7+ Bxf7 33. Nd7+
1-0

[Event "Nimzo 2"]
[Site "SchemingMind.com"]
[Date "2008.03.25"]
[Round "-"]
[White "Dr_Pat"]
[Black "Negrito19"]
[Result "1-0"]
[WhiteCountry "USA"]
[BlackCountry "ARG"]
[WhiteElo "1929"]
[WhiteRD "48"]
[BlackElo "1627"]
[BlackRD "67"]
[GameID "147558"]

1. d4 Nf6 2. c4 e6 3. Nc3 Bb4 4. e3 d5 5. a3 Bxc3+ 6. bxc3 b6 7. cxd5 exd5 8. Bd3 Bd7 9. Ne2 c5 10. O-O Qc7
11. f3 c4 12. Bc2 Nc6 13. e4 dxe4 14. Bf4 Qb7 15. fxe4 h6 16. d5 Ne7 17. Be5 Ng4 18. Bxg7 Ne3 19. Qc1 Rg8 20. Qxe3 O-O-O
21. Rxf7 Ng6 22. Qxh6 Rxg7 23. Qxg7 Nh8 24. Rf8 Rxf8 25. Qxf8+ Kc7 26. Qxh8 b5 27. Nd4 Qb6 28. e5 Bc8 29. d6+ Kb7 30. Be4+ Ka6
31. Qxc8+ Ka5 32. Kf1 Qa6 33. Nc6+ Kb6 34. Qc7+ Kc5 35. Nb8+ Qc6 36. Qxc6#
1-0

[Event "Nimzo 2"]
[Site "SchemingMind.com"]
[Date "2008.03.25"]
[Round "-"]
[White "Dr_Pat"]
[Black "echecs"]
[Result "1-0"]
[WhiteCountry "USA"]
[BlackCountry "ENG"]
[WhiteElo "1929"]
[WhiteRD "48"]
[BlackElo "1682"]
[BlackRD "59"]
[GameID "147559"]

1. d4 Nf6 2. c4 e6 3. Nc3 Bb4 4. e3 O-O 5. Bd3 c5 6. Nf3 cxd4 7. exd4 d5 8. O-O dxc4 9. Bxc4 a6 10. Bg5 b5
11. Bd3 Bb7 12. Rc1 Nc6 13. Ne4 Be7 14. Bxf6 Bxf6 15. Nc5 Na5 16. Nxb7 Nxb7 17. Be4 Rb8 18. Ne5 Bxe5 19. dxe5 Qxd1 20. Rfxd1 Na5
21. b3 Rfd8 22. Kf1 Rxd1+ 23. Rxd1 g6 24. Rd7 Rb6 25. Ke2 Nc6 26. Rd6
1-0